000 00930nam a2200289Ia 4500
003 OSt
005 20221005062436.0
006 a|||||r|||| 00| 0
007 ta
008 221004b |||||||| |||| 00| 0 eng d
020 _a9781442252141 (pbk)
_cUKP 27.95
024 _a34498
037 _b13235, 15/09/2017, Elite Publishers Distributors
_cTextual
040 _aCRL
_cCRL
_beng
041 _2eng
_aeng
082 _aV1:19(zP), Q6
100 _aCaldwell Dan Au.
_9601848
245 0 _aSeeking security in an insecure world
250 _a3rd
260 _aLondon
_bRowman and Littlefield UK
_c2016
300 _axii,326p.
_ccm.
650 _a SECURITIES
650 _aINTERNATIONAL RELATIONS
700 _a Williams Robert E. Au.
_9601849
942 _hV1:19(zP), Q6
_cTEXL
_2cc
999 _c969709
_d969709